Los barcelonnettes en México : (Registro nro. 199432)

Detalles MARC
000 -CABECERA
campo de control de longitud fija 00672nam a2200205 a 4500
005 - FECHA Y HORA DE LA ÚLTIMA TRANSACCIÓN
campo de control 20210223133700.0
008 - ELEMENTOS DE LONGITUD FIJA--INFORMACIÓN GENERAL
campo de control de longitud fija 181017s2008 mx r 000 0 spa d
020 ## - NÚMERO INTERNACIONAL NORMALIZADO PARA LIBROS
Número Internacional Estándar del Libro 9789689391166
035 ## - NÚMERO DE CONTROL DEL SISTEMA
Número de control de sistema UPN01000227337
049 ## - COLECCIÓN
Colección CG
050 #4 - SIGNATURA TOPOGRÁFICA DE LA BIBLIOTECA DEL CONGRESO
Número de clasificación F1392 F8
Número de documento/Ítem B3.7
245 04 - MENCIÓN DE TÍTULO
Título Los barcelonnettes en México :
Resto del título miradas regionales, siglos XIX y XX /
Mención de responsabilidad, etc. coord. Leticia Gamboa Ojeda.
260 ## - PUBLICACIÓN, DISTRIBUCIÓN, ETC.
Lugar de publicación, distribución, etc. Puebla :
Nombre del editor, distribuidor, etc. Benemérita Universidad Autónoma de Puebla,
Fecha de publicación, distribución, etc. 2008.
300 ## - DESCRIPCIÓN FÍSICA
Extensión 508 p. :
Otras características físicas il.
650 #4 - ASIENTO SECUNDARIO DE MATERIA - TERMINO TEMATICO
Término de materia o nombre geográfico como elemento de entrada FRANCESES EN MEXICO
9 (RLIN) 18874
651 #4 - ASIENTO SECUNDARIO DE MATERIA - NOMBRE GEOGRAFICO
Nombre geográfico FRANCIA -
Subdivisión general EMIGRACION E INMIGRACION
9 (RLIN) 27139
700 1# - ASIENTO SECUNDARIO--NOMBRE DE PERSONAL
Nombre de persona Gamboa Ojeda, Leticia,
Término indicativo de función/relación coaut.
905 ## - TIPO DE MATERIAL
Tipo de material Libro
Existencias
Estado de retiro Estado de pérdida Fuente del sistema de clasificación o colocación Estado dañado No para préstamo Código de colección Localización permanente Ubicación/localización actual Ubicación en estantería Total de préstamos Clasificación Código de barras Fecha visto por última vez Número de copia Tipo de ítem Koha
    Library of Congress Classification     Colección General Bib. Gregorio Torres Quintero Bib. Gregorio Torres Quintero Planta baja   F1392 F8 B3.7 327227 31/12/2020 1 Libro